Las cadenas más largas de países (tres letras) - Estadísticas

Estadísticas generales
  • Esta prueba ha sido intentada 112 veces
  • La puntuación promedio es 4 de 6
Estadísticas de respuestas
Group Respuesta % Correcto
Primera cadena Surinam
89%
Primera cadena Namibia
75%
Primera cadena Su{dán del sur} / Co{rea del sur}
65%
Segunda cadena Ma{rruecos}
61%
Segunda cadena Costa de Marfil
45%
Segunda cadena Filipinas
43%
No se encontraron pruebas coincidentes
Distribución de puntuación
Porcentaje de gente con cada puntuación
Porcentaje por número respondido
Historial de tus puntuaciones
No has intentado esta prueba.